| 000 | 01028nam a22002297a 4500 | ||
|---|---|---|---|
| 003 | OSt | ||
| 005 | 20250915160257.0 | ||
| 008 | 240322b ||||| |||| 00| 0 eng d | ||
| 040 | _c0 | ||
| 082 | _aDPer 621.381 In821 September 2022 v. 37 n. 9 | ||
| 100 |
_aMenzi, David. _eauthor. _955083 |
||
| 245 |
_aNew return path inductor buckâboost Y-inverter motor drive with reduced current stresses / _cDavid Menzi, Jonas E. Huber, Lorenz Kappeler, Grayson Zulauf, and Johann W. Kolar. |
||
| 260 |
_aNew York ; _bThe Institute of Electrical and Electronics Engineers, Inc. , _cSeptember 2022. |
||
| 300 |
_aVolume 37, pages 10086-10090 : _billustration ; _c28 cm. |
||
| 500 | _aIEEE Transactions on Power Electronics, vol. 37, no. 9, pages 10086-10090, September 2022. | ||
| 700 |
_aMenzi, David. _eauthor. _955083 |
||
| 700 |
_aHuber, Jonas E. _eauthor. _955084 |
||
| 700 |
_aKappeler, Lorenz. _eauthor. _955085 |
||
| 700 |
_aZulauf, Grayson. _eauthor. _955086 |
||
| 700 |
_aKolar, Johann W. _eauthor. _955087 |
||
| 942 |
_2ddc _cPER |
||
| 999 |
_c19774 _d19774 |
||